Music Quiz

Random Music Quiz

Instruments in the Jazz Orchestra Quiz Stats

 Plays Quiz not verified by Sporcle

Support Sporcle.
Go Orange.
Score 0/10 Timer 03:00
0 Plays Today
Instruments % Correct
Trumpets
92.5%
Alto Saxes
88.7%
Piano
88.7%
Tenor Saxes
84.9%
Trombones
84.9%
Guitar
81.1%
Baritone Sax
77.4%
Upright Bass
71.7%
Drum Set
62.3%
Auxillery Percussion
43.4%

You're not logged in!

Compare scores with friends on all Sporcle quizzes.
OR
Log In

From the Vault

Historical Events of 2000

by greeneyes

Remember 10 years ago when all we were really worried about were the Y2K bug and hanging chads?
Remove Ads.
Support Sporcle.
Get the best of Sporcle when you Go Orange. This ad-free experience offers more features, more stats, and more fun while also helping to support Sporcle. Thank you for becoming a member.

Show Comments

Extras

Created Mar 5, 2012ReportNominate
Tags:instrument, Jazz, orchestra

Top Quizzes Today


Score Distribution

Your Account Isn't Verified!

In order to create a playlist on Sporcle, you need to verify the email address you used during registration. Go to your Sporcle Settings to finish the process.

Report this User

Report this user for behavior that violates our Community Guidelines.

Details: